Guess the Billie Eilish Song! (7) - Statistics

General Stats
  • This quiz has been taken 101 times
  • The average score is 161 of 282
Answer Stats
Lyrics % Correct
I
100%
I';;
100%
you
95%
You
95%
a
89%
when
89%
love
87%
Love
87%
the
84%
be
81%
to
81%
me
80%
me,
80%
can
79%
don't
77%
it
77%
my
76%
We
76%
can't
75%
Can't
75%
in
75%
In
75%
No
75%
what
72%
And
71%
so
71%
with
71%
is
68%
ma
68%
on
68%
was
68%
I'm
67%
fall
65%
see
65%
wanna
65%
were
65%
we're
65%
But
63%
want
63%
all
60%
All
60%
how
60%
for
59%
of
59%
I've
57%
(I've
57%
say
56%
at
55%
If
55%
It's
55%
way
55%
been
52%
look
52%
one,
52%
that
52%
dream,
47%
have
47%
overseas
47%
overseas)
47%
seem
47%
watch
47%
from
45%
havin'
44%
knees
44%
Out
44%
'Cause
43%
dreams
43%
matter
43%
bad
41%
I'll
41%
oh
41%
oh,
41%
body
40%
gotta
40%
Gotta
40%
need
40%
never
40%
think
40%
thinnk
40%
this
40%
careful
37%
de
37%
foyer
37%
hope
37%
away
36%
goes
36%
up
36%
Mm
33%
mm
33%
That's
33%
breathe
32%
die
32%
everything
32%
God,
32%
Outside
32%
seen
32%
between
31%
bittersweet,
31%
green
31%
above
29%
L'amour
29%
off
29%
sleep,
29%
vie
29%
Watchin'
29%
door
28%
feet
28%
feet,
28%
Open
28%
still
28%
alright
27%
Keep
27%
looking
25%
Ah-
24%
paranoid
24%
romanticized
24%
once
23%
week,
23%
beliefs
21%
paralyzed
21%
underneath
21%
void
20%
wait
20%
boys
19%
brief
19%
land
19%
spite
19%
suit
19%
filled
17%
discrete
16%
suite
16%
stayin'
12%
uh,
9%
uh
9%
No matching quizzes found
Score Distribution
Percent of People with Each Score
Percentile by Number Answered
Your Score History
You have not taken this quiz